THE CONSTRUCTION AND STANDARDIZATION OF A NON-LANGUAGE TEST OF MENTAL ABILITY FOR SECONDARY SCHOOL STUDENTS (Class IX-X) / (Record no. 81188)
[ view plain ]
| 000 -LEADER | |
|---|---|
| fixed length control field | 00955nam a2200241 a 4500 |
| 001 - CONTROL NUMBER | |
| RUCL Control Number | 81188 |
| 003 - CONTROL NUMBER IDENTIFIER | |
| rucl marc code | BD-RjUL |
| 005 - DATE AND TIME OF LATEST TRANSACTION | |
| control field | 20230616195439.0 |
| 008 - FIXED-LENGTH DATA ELEMENTS--GENERAL INFORMATION | |
| fixed length control field | 230207s1974 bg a|||| m||| 00| 0 eng d |
| 035 ## - SYSTEM CONTROL NUMBER | |
| system control number | (BD-RjUL)81188 |
| 040 ## - CATALOGING SOURCE | |
| Original cataloging agency | BD-RjUL |
| Language of cataloging | eng |
| Transcribing agency | BD-RjUL |
| Modifying agency | BD-RjUL |
| 041 ## - LANGUAGE CODE | |
| Language code of Book | eng |
| 082 ## - DEWEY DECIMAL CLASSIFICATION NUMBER | |
| DDC Edition number | 23 |
| Classification number | 153.94 |
| Author mark and Year | SHC 1974 |
| 100 ## - MAIN ENTRY--PERSONAL NAME | |
| Personal name | Shah, Amzad Hossain |
| 9 (RLIN) | 6889 |
| 245 10 - TITLE STATEMENT | |
| Title | THE CONSTRUCTION AND STANDARDIZATION OF A NON-LANGUAGE TEST OF MENTAL ABILITY FOR SECONDARY SCHOOL STUDENTS (Class IX-X) / |
| Statement of responsibility, etc | By Amzad Hossain Shah ; |
| Name of Supervisor/Co-Supervisor | Supervisor : Moalem Huda |
| 260 ## - PUBLICATION, DISTRIBUTION, ETC. (IMPRINT) | |
| Place of publication, distribution, etc | Rajshahi : |
| Name of publisher, distributor, etc | Department of Psychology, University of Rajshahi, |
| Date of publication, distribution, etc | 1974 |
| 300 ## - PHYSICAL DESCRIPTION | |
| Pagination | [8], 107, [17], leaves : |
| Other physical details | ill.; |
| Dimensions | 29 cm. |
| 502 ## - DISSERTATION NOTE | |
| Dissertation note | Thesis(Ph.D.)-- Department of Psychology,University of Rajshahi,1974 |
| 504 ## - BIBLIOGRAPHY, ETC. NOTE | |
| Bibliography, etc | Bibliography : Leaves 101-107 |
| 650 ## - SUBJECT ADDED ENTRY--TOPICAL TERM | |
| Topical term or geographic name as entry element | Conscious mental processes |
| General subdivision | Special abilities |
| 9 (RLIN) | 6890 |
| 700 ## - ADDED ENTRY--SUPERVISOR/CO-SUPERVISOR NAME | |
| Personal name | Huda, Moalem, Supervisor |
| 9 (RLIN) | 6891 |
| 942 ## - ADDED ENTRY ELEMENTS (KOHA) | |
| Source of classification or shelving scheme | Dewey Decimal Classification |
| Koha item type | Theses |
| Source of classification or shelving scheme | Damaged status | Not for loan | Collection code | Permanent Location | Current Location | Shelving location | Date of accession | Source of acquisition | Total Checkouts | Full call number | Barcode | Date last seen | Copy number | Thesis |
|---|---|---|---|---|---|---|---|---|---|---|---|---|---|---|
| Dewey Decimal Classification | Not For Loan | Theses | Central Library, University of Rajshahi | Central Library, University of Rajshahi | Documentation Section | 09/03/1988 | Controller of Exam. R.U. | THE 153.94 SHC 1974 | D1045 | 07/02/2023 | C-1 | Theses | ||
| Dewey Decimal Classification | Not For Loan | Theses | Central Library, University of Rajshahi | Central Library, University of Rajshahi | Documentation Section | 09/03/1988 | Controller of Exam. R.U. | THE 153.94 SHC 1974 | D1044 | 07/02/2023 | C-2 | Theses |